000
00333 a2200145 4500
001
121459
020
_a
9788540308954
040
_c
Escola Canadense de Niteroi
100
_a
Maria Amélia Vieira
245
1
0
_a
Viver Valores - Geografia 5º Ano
362
0
_a
2018
490
0
_a
Viver Valores
650
4
_a
Geografia
942
_c
BK
999
_c
121459
_d
121459